Normal view
MARC view
Entry Personal Name
001 - CONTROL NUMBER
- control field: 34466
003 - CONTROL NUMBER IDENTIFIER
- control field: OSt
005 - DATE AND TIME OF LATEST TRANSACTION
- control field: 20160124125103.0
008 - FIXED-LENGTH DATA ELEMENTS
- fixed length control field: 160124|| aca||aabn | a|a d
040 ## - CATALOGING SOURCE
- Original cataloging agency: OSt
- Transcribing agency: OSt
100 ## - HEADING--PERSONAL NAME
- Personal name: Thani, Ekta
670 ## - SOURCE DATA FOUND
- Source citation: Work cat.: (OSt)33120: Thani, Ekta, Encyclopaedic Dictionary of Ecology, 2003









